| 000 | 02135nam a22004693i 4500 | ||
|---|---|---|---|
| 001 | EBC32556139 | ||
| 003 | MiAaPQ | ||
| 005 | 20260409161750.0 | ||
| 007 | cr cnu|||||||| | ||
| 008 | 260409s2026 xx o ||||0 eng d | ||
| 020 |
_a9783658507077 _q(electronic bk.) |
||
| 020 | _z9783658507060 | ||
| 040 |
_aMiAaPQ _beng _cMiAaPQ |
||
| 100 | 1 |
_aBangert, Kurt. _969044 |
|
| 245 | 1 | 0 | _aMuhammad and the Origin of Islam. |
| 250 | _a1st ed. | ||
| 264 | 1 |
_aWiesbaden : _bSpringer Fachmedien Wiesbaden GmbH, _c2026. |
|
| 264 | 4 | _c©2026. | |
| 300 | _a1 online resource (160 pages) | ||
| 336 |
_aText _btxt _2rdacontent |
||
| 337 |
_aComputermedien _bc _2rdamedia |
||
| 338 |
_aOnline Resource _bcr _2rdacarrier |
||
| 341 | 0 |
_bPDF/UA-1 _2onix |
|
| 341 | 0 |
_bNo reading system accessibility options actively disabled _2onix |
|
| 341 | 0 |
_bTable of contents navigation _2onix |
|
| 341 | 0 |
_bSingle logical reading order _2onix |
|
| 341 | 0 |
_bShort alternative textual descriptions _2onix |
|
| 341 | 0 |
_bUse of color is not sole means of conveying information _2onix |
|
| 341 | 0 |
_bUse of high contrast between text and background color _2onix |
|
| 341 | 0 |
_bNext / Previous structural navigation _2onix |
|
| 341 | 0 |
_bAll non-decorative content supports reading without sight _2onix |
|
| 490 | 0 | _aHistory Series | |
| 500 | _aE-Book-ProQuest / Fernzugriff nach Registrierung möglich | ||
| 520 | _aWe understand a religion best if we know its origin.Unfortunately, the traditional narrative about the emergence of Islam is based upon sources most of which were written some 150 to 250 years after the events they claim to describe. | ||
| 532 | 8 | _aPublisher contact for further accessibility information: accessibilitysupport@springernature.com | |
| 655 |
_aFernzugriff _9230 |
||
| 655 | 4 | _aElectronic books. | |
| 776 | 0 | 8 |
_iPrint version: _aBangert, Kurt _tMuhammad and the Origin of Islam _dWiesbaden : Springer Fachmedien Wiesbaden GmbH,c2026 _z9783658507060 |
| 856 | 4 | 0 |
_uhttps://ebookcentral.proquest.com/lib/maxweberstiftung-ebooks/detail.action?docID=32556139 _zVolltext |
| 942 | _cEB | ||
| 999 |
_c74072 _d74072 |
||